000 00731nam a2200205 a 4500
001 000028857
005 20200930055200.0
008 110412s1973 sp ac 000 0 spa d
020 _a8429900403
040 _aDO-SdBNP
_bspa
_cBNPHU
100 1 _aBogoliúbov, Alekséi
_955838
240 1 0 _aAbryctnh abryctnhobny
_lRuso
245 1 3 _aUn héroe español del progreso :
_bAgustin de Betancourt /
_cAleksél Bogoliúbov ; prólogo Julio Caro Baroja.
260 _aMadrid :
_bSeminarios y Ediciones,
_c1973.
300 _a188 p. :
_bil. rets. ;
_c19 cm.
500 _aIncluye notas al pie de las páginas
500 _aTraducido del idioma ruso
504 _aBibliografía : p. 185-188
700 1 _aCaro Baroja, Julio,
_epról.
_915231
999 _c28349
_d28349